| 000 | 00437nam a2200169 a 4500 | ||
|---|---|---|---|
| 001 | 1770111162735 | ||
| 003 | YourLibrary | ||
| 005 | 20260203155518.0 | ||
| 008 | 260203s2009##################000#0#eng## | ||
| 020 | _a9788190773492 | ||
| 082 | 0 | 4 |
_a302 _bHOF |
| 100 | 1 |
_aHofstetter, David, _eauthor. |
|
| 245 | 1 | 0 | _aTruths of Human Nature : |
| 260 |
_bEpitome Books, _c2009. |
||
| 942 | _cENGLISH | ||
| 040 |
_aYourLibrary _beng _cYourLibrary |
||
| 999 |
_c610033 _d610033 |
||